00413nam a2200157Ia 45000010006000000050017000060080041000230410008000640820018000721000023000902450084001132600009001973000033002066500008002396540008002471394220260306164838.0260306t1994||||xx |||||||||||||| ||spa|| aESP aS 005.74bB27 aBatini, CarloeAUT 0aDiseño conceptual de bases de datos:bun enfoque de entidades-interrelaciones c1994 axix, 546 páginas :c24 cm. aGEN aCCC